[Event "OGOLNOPOLSKA OLIMPIADA MLODZIEZY<br/>MISTRZOSTWA POLSKI JUNIOROW 2016 - D12"]
[Site "Olecko"]
[Date "2016-05-07"]
[Round "4.5"]
[White "Chrobot, Patrycja"]
[Black "Czarnecka, Lidia"]
[Result "1/2-1/2"]
[WhiteTitle "I"]
[BlackTitle "I"]
[WhiteElo "1345"]
[BlackElo "1512"]

1. e4 c5 2. Nf3 a6 3. d4 cxd4 4. Nxd4 Nf6 5. Nc3 e5 6. Nf3 Bb4 7. Bd2 O-O 8. Bd3
Qc7 9. O-O Bxc3 10. Bxc3 Nc6 11. Qe2 d6 12. h3 Rd8 13. Bc4 h6 14. Rad1 b5 15.
Bb3 Bb7 16. Rfe1 Ne7 17. Nd2 Qb6 18. a3 a5 19. Qe3 Qc7 20. Qg3 Ng6 21. Qxg6 d5
22. Bxd5 Nxd5 23. Qg3 Nxc3 24. Qxc3 Qxc3 25. bxc3 Rac8 26. f3 Rxc3 27. Nb3 Ra8
28. Rd6 a4 29. Nc1 Rxc2 30. Rb6 Bc6 31. Nd3 Be8 32. Nxe5 Rac8 33. Kh2 Ra2 34.
Re3 Rcc2 35. Kg3 f6 36. Rb8 Rxg2+ 37. Kf4 fxe5+ 38. Kxe5 Kf7 39. f4 Rgd2 40. Rc3
Rac2 41. Rb7+ Bd7 42. Rxd7+ Rxd7 43. Rxc2 Ke7 44. Rc3 Rb7 45. Rg3 Kf7 46. Kd5
b4 47. axb4 Rxb4 48. Ra3 Ke7 49. f5 Kf6 50. Ra2 Rb5+ 51. Kc6 Rb4 52. Kd5 Rb5+
53. Kc6 1/2-1/2

[Event "OGOLNOPOLSKA OLIMPIADA MLODZIEZY<br/>MISTRZOSTWA POLSKI JUNIOROW 2016 - D12"]
[Site "Olecko"]
[Date "2016-05-07"]
[Round "4.6"]
[White "Nowak, Roksana"]
[Black "Dadello, Barbara"]
[Result "1-0"]
[WhiteTitle "II+"]
[BlackTitle "II+"]
[WhiteElo "1290"]
[BlackElo "1495"]

1. f4 d5 2. Nf3 c5 3. e3 e6 4. Bb5+ Bd7 5. Bxd7+ Qxd7 6. b3 Nf6 7. Bb2 Be7 8. O-O
Nc6 9. d3 O-O 10. Nbd2 b5 11. Qe1 a5 12. Ne5 Nxe5 13. fxe5 Ne8 14. Qg3 a4 15.
Kh1 axb3 16. axb3 Nc7 17. Qf2 Rxa1 18. Rxa1 Ra8 19. Rxa8+ Nxa8 20. h3 Qa7 21.
Qe1 Qa2 22. Qa1 Qxa1+ 23. Bxa1 Bg5 24. Nf1 Kf8 25. Kg1 Ke8 26. Kf2 Kd7 27. g3
Kc6 28. h4 Bd8 29. Bc3 Kb6 30. Nd2 Ka6 31. Ke2 Ba5 32. Bb2 Nb6 33. Kd1 c4 34.
Nb1 cxd3 35. cxd3 Bb4 36. Ke2 Nc8 37. Kf2 Ne7 38. Ba3 Bxa3 39. Nxa3 Ka5 40. Nc2
Nc6 41. d4 Nb4 42. Na1 f6 43. exf6 gxf6 44. g4 e5 45. Ke2 Na2 46. dxe5 fxe5 47.
g5 Nc1+ 48. Kd2 Na2 49. h5 Nb4 50. g6 hxg6 51. h6 1-0

[Event "OGOLNOPOLSKA OLIMPIADA MLODZIEZY<br/>MISTRZOSTWA POLSKI JUNIOROW 2016 - D12"]
[Site "Olecko"]
[Date "2016-05-07"]
[Round "4.7"]
[White "Jedrzejko, Martyna"]
[Black "Zarebska, Lena"]
[Result "0-1"]
[WhiteTitle "II+"]
[BlackTitle "I"]
[WhiteElo "1257"]
[BlackElo "1452"]

1. e4 c5 2. Nf3 Nc6 3. d4 cxd4 4. Nxd4 g6 5. Nc3 Bg7 6. Be3 Nf6 7. f3 O-O 8. Qd2
d5 9. Nxc6 bxc6 10. exd5 cxd5 11. Bh6 Rb8 12. Bxg7 Kxg7 13. b3 e5 14. O-O-O Be6
15. Bd3 Qc7 16. Nb5 Qc5 17. Nc3 a6 18. Rde1 d4 19. Ne4 Nxe4 20. fxe4 Qa3+ 21.
Kb1 Rfc8 22. Qc1 Qa5 23. Re2 Rc3 24. Qb2 Qb6 25. Rf1 a5 26. Qa3 Qc7 27. Rfe1 Bd7
28. Ka1 a4 29. bxa4 Rxa3 0-1

[Event "OGOLNOPOLSKA OLIMPIADA MLODZIEZY<br/>MISTRZOSTWA POLSKI JUNIOROW 2016 - D12"]
[Site "Olecko"]
[Date "2016-05-07"]
[Round "4.8"]
[White "Mirowska, Oliwia"]
[Black "Trzaskowska, Hanna"]
[Result "1-0"]
[WhiteTitle "I+"]
[BlackTitle "I"]
[WhiteElo "1244"]
[BlackElo "1390"]

1. e4 e5 2. Nf3 Nc6 3. Bb5 a6 4. Ba4 Nf6 5. O-O b5 6. Bb3 Be7 7. Re1 d6 8. c3 O-O
9. h3 Bb7 10. Bc2 Nb8 11. d4 Nbd7 12. Bg5 h6 13. Bh4 Re8 14. Bg3 exd4 15. cxd4
d5 16. e5 Ne4 17. Bh2 Bb4 18. Nbd2 Nxd2 19. Nxd2 f6 20. a3 Ba5 21. b4 Bb6 22.
Nf3 fxe5 23. Nxe5 Nxe5 24. Bxe5 Re6 25. Qd3 g6 26. Qd2 Qf8 27. Re3 Rae8 28. Rf3
Qe7 29. Qxh6 Rxe5 30. dxe5 Qxe5 31. Qxg6+ Qg7 32. Qxe8+ Qf8 33. Qxf8# 1-0

[Event "OGOLNOPOLSKA OLIMPIADA MLODZIEZY<br/>MISTRZOSTWA POLSKI JUNIOROW 2016 - D12"]
[Site "Olecko"]
[Date "2016-05-07"]
[Round "4.9"]
[White "Mysliwiec, Natalia"]
[Black "Anyz, Monika"]
[Result "1/2-1/2"]
[WhiteTitle "I"]
[BlackTitle "I"]
[WhiteElo "1374"]
[BlackElo "1255"]

1. e4 c5 2. Nf3 a6 3. c4 Nc6 4. Nc3 d6 5. d4 cxd4 6. Nxd4 Nf6 7. Be3 g6 8. f3 Bg7
9. Qd2 O-O 10. Be2 Bd7 11. O-O Qc7 12. Rfd1 Rac8 13. Rac1 Rfe8 14. Nd5 Qd8 15.
Nxc6 Bxc6 16. b3 Nxd5 17. cxd5 Bd7 18. Qb4 b5 19. Kh1 Rf8 20. Qd2 Re8 21. Rc2
Rxc2 22. Qxc2 Qc8 23. Rc1 Qxc2 24. Rxc2 Rc8 25. Rxc8+ Bxc8 26. Kg1 Kf8 27. Kf1
Bc3 28. Bd3 b4 29. Ke2 Ke8 30. Bd2 Bxd2 31. Kxd2 Kd8 32. Bc2 Kc7 33. Kd3 Kb6 34.
Kd4 a5 35. Bd3 e6 36. f4 exd5 37. exd5 Bd7 38. Bc2 Kc7 39. h3 h5 40. h4 Kb6 41.
g3 1/2-1/2

[Event "OGOLNOPOLSKA OLIMPIADA MLODZIEZY<br/>MISTRZOSTWA POLSKI JUNIOROW 2016 - D12"]
[Site "Olecko"]
[Date "2016-05-07"]
[Round "4.10"]
[White "Szewc, Dobromila"]
[Black "Bienko, Jagoda"]
[Result "0-1"]
[WhiteTitle "II"]
[BlackTitle "I"]
[WhiteElo "1066"]
[BlackElo "1354"]

1. e4 c5 2. Nf3 d6 3. d4 cxd4 4. Nxd4 Nf6 5. Nc3 a6 6. f3 e6 7. Be3 Be7 8. Qd2
Nc6 9. Nxc6 bxc6 10. g4 Nd7 11. g5 Ne5 12. Be2 c5 13. h4 g6 14. h5 Rb8 15. O-O-O
Qb6 16. b3 Qb4 17. Nb1 Bd7 18. Qxb4 cxb4 19. f4 Nc6 20. Bxa6 Ra8 21. Bd3 Rxa2
22. hxg6 fxg6 23. e5 dxe5 24. Bxg6+ Kd8 25. Rxh7 Rxh7 26. Bxh7 exf4 27. Bxf4 e5
28. g6 Bf8 29. Bg5+ Ke8 30. Bf6 Bf5 31. Rd5 Bh6+ 32. Nd2 Bf4 33. Rc5 Kd7 34. Rd5+
Ke6 35. Rc5 Kd6 36. Rc4 Kd7 37. Rc5 Kd6 38. Rc4 Ra5 39. Kd1 Rd5 40. Rxf4 exf4
41. Ke2 Ne5 42. Nf1 Bxg6 43. Bxe5+ Rxe5+ 44. Kf3 Bxh7 45. Kxf4 Bxc2 46. Nd2 Re8
47. Nc4+ Kc5 48. Nd2 Kd4 49. Kf3 Kd3 50. Nc4 Bxb3 51. Nb2+ Kc3 52. Nd1+ Bxd1+
53. Kf2 Kd2 54. Kf1 Rf8+ 55. Kg1 Ke2 56. Kh1 Kf2 57. Kh2 Rh8# 0-1

[Event "OGOLNOPOLSKA OLIMPIADA MLODZIEZY<br/>MISTRZOSTWA POLSKI JUNIOROW 2016 - D12"]
[Site "Olecko"]
[Date "2016-05-07"]
[Round "4.11"]
[White "Bugaj, Hanna"]
[Black "Wawrzyniak, Weronika"]
[Result "1/2-1/2"]
[WhiteTitle "II"]
[BlackTitle "I"]
[WhiteElo "1417"]
[BlackElo "1358"]

1. d4 d5 2. Nf3 c6 3. e3 e6 4. Bd3 Bd6 5. Nbd2 Nd7 6. b3 e5 7. e4 exd4 8. Nxd4
Ne5 9. Bb2 Nf6 10. O-O Nxd3 11. cxd3 O-O 12. f4 dxe4 13. dxe4 Bc5 14. N2f3 Nxe4
15. Re1 Re8 16. Qc2 Qd5 17. Kh1 Bf5 18. Qc4 Qxc4 19. bxc4 Nf2+ 20. Kg1 Nd3 21.
Rxe8+ Rxe8 22. Bc3 Nxf4 23. Kh1 Bd3 24. Nb3 Bb6 25. c5 Bc7 26. Rd1 Bf5 27. Nbd4
Bc8 28. g3 Nd5 29. Bb2 f6 30. a4 Bg4 31. Rb1 b6 32. Nh4 g5 33. Ng2 bxc5 34. Nxc6
a6 35. Ba3 Bd7 36. Na7 Bb6 37. Rd1 Re5 38. Bb2 Re7 39. Rxd5 Bxa7 40. Bxf6 Rf7
41. h4 gxh4 42. Bxh4 Bxa4 43. Rd8+ Kg7 44. Nf4 Rd7 45. Ne6+ Kf7 46. Ng5+ Kg6 47.
Rg8+ Rg7 48. Rf8 Rb7 49. Ne6 Bc6+ 50. Kh2 Rb2+ 51. Kg1 Rb1+ 52. Kf2 c4+ 53. Ke2
Rb2+ 54. Ke1 Bb5 55. g4 Rb1+ 56. Kd2 c3+ 57. Kxc3 Rf1 58. Nf4+ Kg7 59. Ne6+ 1/2-1/2

[Event "OGOLNOPOLSKA OLIMPIADA MLODZIEZY<br/>MISTRZOSTWA POLSKI JUNIOROW 2016 - D12"]
[Site "Olecko"]
[Date "2016-05-07"]
[Round "4.12"]
[White "Szczypawka, Aleksandra"]
[Black "Gebal, Katarzyna"]
[Result "1/2-1/2"]
[WhiteTitle "I"]
[BlackTitle "II"]
[WhiteElo "1378"]
[BlackElo "1252"]

1. c4 c5 2. g3 d6 3. Bg2 Nf6 4. Nc3 a6 5. d3 h6 6. e3 Qc7 7. h3 Bd7 8. Nge2 Nc6
9. O-O e6 10. a3 Be7 11. Rb1 Rb8 12. Qc2 O-O 13. Bd2 Ne5 14. e4 Rfd8 15. Bf4 Ng6
16. Be3 Bc6 17. Qb3 Rd7 18. Nf4 Nxf4 19. Bxf4 e5 20. Be3 Rdd8 21. Rfd1 Rf8 22.
Qc2 Nd7 23. Qe2 Nf6 24. b4 cxb4 25. axb4 b5 26. cxb5 Bxb5 27. Nxb5 Rxb5 28. Qa2
a5 29. Rdc1 Qd8 30. bxa5 Rxa5 31. Qb3 Ra8 32. Bb6 Qb8 33. Qc4 Qc8 34. Qc7 Qxc7
35. Bxc7 Rfc8 36. f4 Ra3 37. fxe5 dxe5 38. Bf1 Nd7 39. Rc2 Bc5+ 40. d4 Bxd4+ 41.
Kh2 Ra7 42. Rbc1 Be3 43. Re1 Raxc7 44. Rxc7 Rxc7 45. Rxe3 Rc2+ 46. Be2 Nb6 47.
Kg1 Nc4 48. Bxc4 Rxc4 49. Kf2 Kf8 50. Kf3 Ke7 51. Ra3 Rd4 52. Ke3 Rd6 53. Ra8
Kf6 54. Re8 Re6 55. Ra8 Re7 56. Ra6+ Kg5 57. Kf3 Re6 58. Rxe6 fxe6 59. Kf2 h5
60. Kf3 Kf6 61. Ke3 Ke7 62. Kd3 Kd6 63. Kc4 g6 64. g4 Kd7 65. g5 Kd6 66. h4 Kc6
67. Kb4 Kb6 68. Kc4 Kc6 1/2-1/2

[Event "OGOLNOPOLSKA OLIMPIADA MLODZIEZY<br/>MISTRZOSTWA POLSKI JUNIOROW 2016 - D12"]
[Site "Olecko"]
[Date "2016-05-07"]
[Round "4.13"]
[White "Pawlak, Emilia"]
[Black "Krzyzosiak, Anna"]
[Result "0-1"]
[WhiteTitle "II"]
[BlackTitle "I"]
[WhiteElo "1196"]
[BlackElo "1263"]

1. e4 c5 2. Nf3 d6 3. d4 cxd4 4. Nxd4 Nf6 5. Nc3 g6 6. Be3 Bg7 7. f3 a6 8. Qd2
Nbd7 9. g4 b5 10. h4 Nb6 11. h5 Rg8 12. O-O-O Bb7 13. Qf2 Nc4 14. Bxc4 bxc4 15.
hxg6 hxg6 16. Qg3 Nd7 17. Rh3 Qa5 18. Qh2 Nb6 19. Bh6 Bxd4 20. Rxd4 Rc8 21. Bg5
Qxg5+ 22. Kb1 Qf6 23. Rd1 Bc6 24. f4 g5 25. e5 dxe5 26. fxg5 Qxg5 27. Rh8 Rd8
28. Rxd8+ Kxd8 29. Rxg8+ Qxg8 30. Qxe5 Qxg4 31. Qb8+ Nc8 32. b3 cxb3 33. Qxb3
Qg1+ 34. Kb2 Qb6 35. Ka3 Qxb3+ 36. axb3 Nb6 37. Kb2 f5 38. Ne2 e5 39. Kc1 f4 40.
Kd2 f3 41. Ng3 Kd7 42. Ke3 Kd6 43. Nf5+ Kc5 44. Ne7 Nd5+ 45. Nxd5 Bxd5 46. Kf2
Be4 47. c3 Bc2 48. b4+ Kc4 49. Kxf3 Kxc3 50. Ke2 Kxb4 51. Kd2 a5 52. Kxc2 a4 53.
Kb2 a3+ 54. Ka2 e4 55. Kb1 e3 56. Ka1 e2 57. Ka2 Kc3 58. Kxa3 e1=Q 59. Ka2 Qd2+
60. Ka1 Qb2# 0-1

[Event "OGOLNOPOLSKA OLIMPIADA MLODZIEZY<br/>MISTRZOSTWA POLSKI JUNIOROW 2016 - D12"]
[Site "Olecko"]
[Date "2016-05-07"]
[Round "4.14"]
[White "Kroliczek, Gabriela"]
[Black "Sloniewska, Alicja"]
[Result "1/2-1/2"]
[WhiteTitle "I"]
[BlackTitle "II"]
[WhiteElo "1357"]
[BlackElo "1097"]

1. e4 d5 2. exd5 Nf6 3. d4 Nxd5 4. Nf3 g6 5. c4 Nb6 6. Nc3 Bg7 7. c5 Nd5 8. Bc4
c6 9. O-O O-O 10. Re1 Bg4 11. Bg5 Nf6 12. h3 Bxf3 13. Qxf3 Re8 14. Rad1 Qc8 15.
Ne4 Nbd7 16. Re2 Qd8 17. Qb3 Rf8 18. Qxb7 Nxe4 19. Rxe4 Nxc5 20. dxc5 Qxd1+ 21.
Bf1 Qd5 22. Qxe7 Qxa2 23. g3 Qxb2 24. Qd7 a5 25. Qxc6 Rac8 26. Qd5 Qc3 27. Bc4
a4 28. Kg2 a3 29. c6 a2 30. Bxa2 Qxc6 31. Qxc6 Rxc6 32. Rf4 Rc7 33. Rf3 h6 34.
Bf4 Ra7 35. Bb3 Kh7 36. Be3 Rc7 37. Bf4 Rd7 38. h4 f5 39. Be3 Rd3 40. Bc4 Rc3
41. Ba2 Ra8 42. Bd5 Raa3 43. h5 Ra5 44. hxg6+ Kxg6 45. Bb7 Rb3 46. Bc6 Rb1 47.
Be8+ Kh7 48. Bd7 Rb8 49. Bxf5+ Kh8 50. Be4 Rf8 51. Rxf8+ Bxf8 52. Kf3 Kg7 53.
Kg4 Kf6 54. f3 Kg7 55. Bd4+ Kf7 56. f4 Be7 57. Be5 Bf6 58. Bc7 Rb5 59. Bd3 Rc5
60. Bd6 Rc6 61. Bb4 Bg7 62. Be4 Rc1 63. Ba3 Ra1 64. Bb4 Ra4 65. Bd5+ Kf6 66. Bc3+
Kg6 67. Bb3 Ra3 68. Bc2+ Kf7 69. Bb4 Ra6 70. Bb3+ Kf6 71. Bc3+ Kg6 72. Bc2+ Kf7
73. Bb3+ Kf8 74. Bb4+ Ke8 75. Bc4 Rg6+ 76. Kf3 Bf6 77. Bb5+ Kd8 78. Bd3 Rg8 79.
Ba5+ Kd7 80. Bb5+ Kd6 81. Bb4+ Kd5 82. Bd2 Kc5 83. Ba4 Kd4 84. Be3+ Kc4 85. Bd7
Rd8 86. Be6+ Kc3 87. Bb6 Rd6 88. Ba5+ Kd4 89. Bh3 Bg7 90. Be1 Rf6 91. Bf2+ Kd3
92. Bf1+ Kc3 93. Be1+ Kd4 94. Bf2+ Kd5 95. Bg2 h5 96. Ke2+ Ke6 97. Bh3+ Kf7 98.
Kf3 Kg6 99. Ke4 Bh8 100. Bd4 Rf8 101. Bc5 Re8+ 102. Kf3 Bc3 103. Bd7 Re1 104.
Bb5 Kf5 105. Bd3+ Kf6 1/2-1/2

[Event "OGOLNOPOLSKA OLIMPIADA MLODZIEZY<br/>MISTRZOSTWA POLSKI JUNIOROW 2016 - D12"]
[Site "Olecko"]
[Date "2016-05-07"]
[Round "4.15"]
[White "Matyjasek, Michalina"]
[Black "Krzyzosiak, Marta"]
[Result "0-1"]
[WhiteTitle "II"]
[BlackTitle "II"]
[WhiteElo "1263"]
[BlackElo "1345"]

1. d4 d5 2. c4 e6 3. Nc3 Nf6 4. Nf3 Be7 5. Bf4 O-O 6. e3 Nh5 7. Be5 Nc6 8. Bd3
Nxe5 9. Nxe5 g6 10. O-O c6 11. Rc1 Bd7 12. h3 dxc4 13. Bxc4 Bf6 14. Be2 Ng7 15.
Ng4 Be7 16. Qb3 b6 17. Bf3 Rb8 18. Ne5 Qe8 19. Ne2 c5 20. Nc3 cxd4 21. exd4 Bf6
22. Rfe1 Bxe5 23. Rxe5 Qe7 24. Nd5 Qh4 25. Re4 Qg5 26. Ne3 Rfc8 27. Rd1 h5 28.
Nc4 Bc6 29. Re5 Qe7 30. d5 Bb7 31. d6 Qd7 32. Be2 Qc6 33. Rg5 Rd8 34. Ne5 Qe4
35. Qe3 Qxe3 36. fxe3 f6 37. Rxg6 fxe5 38. Bxh5 Kh7 39. g4 Nxh5 40. gxh5 Rg8 41.
Rxg8 Rxg8+ 42. Kf2 Kh6 43. d7 Rd8 44. Kg3 Kxh5 45. Rd6 Bd5 46. a3 Kg5 47. e4 Bxe4
48. Rxe6 Bf5 49. Rxe5 Rxd7 50. h4+ Kg6 51. Kf4 Rd4+ 52. Kg3 Rg4+ 53. Kf3 Rxh4
54. Re7 Rh3+ 55. Kf4 a5 56. Rb7 Rb3 57. Ke5 Rxb2 58. Kd6 b5 59. Kc5 Rc2+ 60. Kxb5
Rb2+ 61. Ka6 Bc8 62. Kxa5 Bxb7 63. a4 Bc6 64. Ka6 Bxa4 65. Ka5 Bc2 66. Ka6 Kf6
67. Ka5 Ke6 68. Ka6 Kd6 69. Ka5 Kc6 70. Ka6 Ra2# 0-1

[Event "OGOLNOPOLSKA OLIMPIADA MLODZIEZY<br/>MISTRZOSTWA POLSKI JUNIOROW 2016 - D12"]
[Site "Olecko"]
[Date "2016-05-07"]
[Round "4.16"]
[White "Pisarek, Elzbieta"]
[Black "Szyszko, Aleksandra"]
[Result "1-0"]
[WhiteTitle "I"]
[BlackTitle "II"]
[WhiteElo "1324"]
[BlackElo "1254"]

1. e4 c5 2. Nf3 d6 3. Bb5+ Bd7 4. Bxd7+ Qxd7 5. O-O Nf6 6. Re1 Nc6 7. c3 e6 8.
d4 cxd4 9. cxd4 e5 10. d5 Nb4 11. a3 Na6 12. Nc3 Be7 13. h3 O-O 14. Nh4 g6 15.
Qf3 Nxd5 16. Nxd5 Bxh4 17. Bh6 f6 18. Bxf8 Rxf8 19. Qe3 b6 20. Red1 f5 21. exf5
Rxf5 22. f3 Qb5 23. b4 Kg7 24. Qd3 Qxd3 25. Rxd3 Kf7 26. Ne3 Rf6 27. Rad1 Bg5
28. Nc4 Nc7 29. Nxd6+ Ke6 30. Ne4 Bf4 31. Rd6+ 1-0

[Event "OGOLNOPOLSKA OLIMPIADA MLODZIEZY<br/>MISTRZOSTWA POLSKI JUNIOROW 2016 - D12"]
[Site "Olecko"]
[Date "2016-05-07"]
[Round "4.17"]
[White "Majczyna, Patrycja"]
[Black "Lukasik, Zuzanna"]
[Result "0-1"]
[WhiteTitle "II+"]
[BlackTitle "II+"]
[WhiteElo "1205"]
[BlackElo "1322"]

1. e4 c5 2. Nf3 e6 3. b3 d6 4. Bb2 Nc6 5. e5 dxe5 6. Nxe5 Bd7 7. Nxc6 Bxc6 8. Nc3
a6 9. d3 Nf6 10. f3 Bd6 11. Ne4 Nxe4 12. dxe4 O-O 13. e5 Bc7 14. Bd3 Ba5+ 15.
c3 Qd4 16. Qc2 Qxe5+ 17. Kf2 h6 18. b4 Bb6 19. c4 cxb4+ 20. Kf1 Bd4 21. Bxd4 Qxd4
22. Rd1 Qf6 23. Kf2 Rfd8 24. Bh7+ Kh8 25. Be4 Bxe4 26. Qxe4 Qb2+ 27. Kg3 Qxa2
28. Qxb7 Qxc4 29. Qxf7 a5 30. Rhe1 Rf8 31. Qe7 Rae8 32. Qa7 Qb5 33. Rd7 Qg5+ 34.
Kf2 Ra8 35. Qc7 Rae8 36. Re5 Qf6 37. Qxa5 Rb8 38. Rb5 Qh4+ 39. Kf1 Qc4+ 40. Kf2
Qxb5 41. Qc7 Qb6+ 42. Qxb6 Rxb6 43. Rd1 b3 44. Rb1 b2 45. Ke2 Ra8 46. Kd2 Ra1
47. Rxb2 Rxb2+ 48. Ke3 Ra3+ 49. Kf4 Rb6 50. Kg3 e5 51. Kf2 Re6 52. Ke2 g5 53.
Kf2 g4 54. Ke2 Ra2+ 55. Ke3 Rxg2 56. fxg4 Rxg4 57. Kf3 Rg5 58. Ke4 Re8 59. Ke3
e4 60. Kd4 e3 61. Kd3 e2 62. Kc4 e1=Q 63. Kd3 Qe4+ 64. Kc3 Rd8 65. Kb2 Rc5 66.
Ka3 Rb8 67. Ka2 Qa4# 0-1

[Event "OGOLNOPOLSKA OLIMPIADA MLODZIEZY<br/>MISTRZOSTWA POLSKI JUNIOROW 2016 - D12"]
[Site "Olecko"]
[Date "2016-05-07"]
[Round "4.18"]
[White "Matusik, Zuzanna"]
[Black "Wojtas, Julia"]
[Result "0-1"]
[WhiteTitle "II"]
[BlackTitle "I"]
[WhiteElo "1060"]
[BlackElo "1274"]

1. e4 c5 2. c4 e5 3. Nc3 Nc6 4. Nge2 g6 5. g3 Bg7 6. Bg2 d6 7. O-O Nge7 8. d3 Be6
9. Be3 O-O 10. Qd2 f5 11. exf5 Bxf5 12. f4 Qd7 13. fxe5 Nxe5 14. d4 Nxc4 15. Qc1
Nxe3 16. Qxe3 Rac8 17. Rad1 Qc7 18. Kh1 a6 19. dxc5 dxc5 20. Nd5 Nxd5 21. Bxd5+
Kh8 22. Qg1 Bxb2 23. Nf4 Bd4 24. Qg2 b5 25. Be6 Bxe6 26. Nxe6 Rxf1+ 27. Rxf1 Qe5
28. Nf4 Re8 29. Qh3 Qe4+ 30. Ng2 Qe6 31. Qh6 Bg7 32. Qc1 c4 33. Re1 Qc6 34. Rd1
c3 35. Qc2 b4 36. Qb3 a5 37. a3 c2 38. Rc1 Re2 0-1

[Event "OGOLNOPOLSKA OLIMPIADA MLODZIEZY<br/>MISTRZOSTWA POLSKI JUNIOROW 2016 - D12"]
[Site "Olecko"]
[Date "2016-05-07"]
[Round "4.19"]
[White "Libura, Julianna"]
[Black "Czerwinska, Oliwia"]
[Result "1-0"]
[WhiteTitle "I"]
[BlackTitle "II"]
[WhiteElo "1266"]
[BlackElo "1203"]

1. e4 e5 2. Nf3 Nc6 3. d4 exd4 4. Nxd4 Bc5 5. Be3 Qf6 6. c3 Nge7 7. Bc4 Ne5 8.
Be2 d5 9. f4 N5c6 10. e5 Qh6 11. O-O O-O 12. Qd2 Bxd4 13. Bxd4 Bf5 14. Na3 a6
15. Nc2 Rfd8 16. Bd3 b6 17. b4 Nxd4 18. Nxd4 Bxd3 19. Qxd3 c5 20. Nf5 Nxf5 21.
Qxf5 Qe6 22. Qc2 Qc6 23. Rac1 Rac8 24. a3 b5 25. Rf3 c4 26. Rd1 Rc7 27. Rh3 Qg6
28. f5 Qb6+ 29. Kh1 h6 30. f6 Qe6 31. fxg7 Qxe5 32. Rxh6 Qxg7 33. Rh3 Rc6 34.
Rf1 Re8 35. Qd2 Rd6 36. Rg3 Rg6 37. Rxg6 Qxg6 38. Qxd5 Qe6 39. Qg5+ Qg6 40. Qf4
Kg7 41. h3 Kg8 42. Rf3 Kf8 43. Rg3 Re1+ 44. Kh2 Qb1 45. Qd6+ Re7 46. Re3 Qg6 47.
Qxe7+ Kg7 48. Rg3 Qxg3+ 49. Kxg3 Kg6 50. Kg4 f5+ 51. Kf4 1-0

[Event "OGOLNOPOLSKA OLIMPIADA MLODZIEZY<br/>MISTRZOSTWA POLSKI JUNIOROW 2016 - D12"]
[Site "Olecko"]
[Date "2016-05-07"]
[Round "4.20"]
[White "Chojnowska, Karolina"]
[Black "Jacek, Nikola"]
[Result "0-1"]
[WhiteTitle "II"]
[BlackTitle "I"]
[WhiteElo "1146"]
[BlackElo "1233"]

1. e4 e5 2. Nf3 Nc6 3. Nc3 Nf6 4. d4 exd4 5. Nxd4 Bb4 6. Nxc6 bxc6 7. Bd3 d5 8.
exd5 cxd5 9. O-O O-O 10. Bg5 c6 11. Qf3 Be7 12. h3 Be6 13. Rfe1 Rb8 14. Na4 Re8
15. b3 Qd7 16. Rad1 Rbc8 17. Bxf6 Bxf6 18. Nc5 Qd6 19. Nxe6 fxe6 20. Qh5 g6 21.
Qg4 Re7 22. Re3 Rce8 23. Bxg6 hxg6 24. Qxg6+ Bg7 25. Rg3 Rf7 26. Rdd3 Ree7 27.
Rg4 Kf8 28. Qh7 Ke8 29. Rf3 Qe5 30. Qg8+ Rf8 31. Rxf8+ Bxf8 32. Qg6+ Kd7 33. Qd3
Qa1+ 34. Kh2 Qxa2 35. Ra4 Qb2 36. Rxa7+ Kd6 37. Qg3+ Qe5 38. Qxe5+ Kxe5 39. Rxe7
Bxe7 40. Kg3 Kd4 41. h4 Kc3 42. Kg4 Kxc2 43. h5 d4 44. h6 d3 45. h7 Bf6 46. Kh3
d2 47. g4 d1=Q 48. g5 Qh1+ 49. Kg3 Qg1+ 50. Kh3 Qxg5 51. f4 Qxf4 52. h8=B Bxh8
53. b4 Qg5 54. b5 Be5 55. bxc6 Qg3# 0-1

[Event "OGOLNOPOLSKA OLIMPIADA MLODZIEZY<br/>MISTRZOSTWA POLSKI JUNIOROW 2016 - D12"]
[Site "Olecko"]
[Date "2016-05-07"]
[Round "4.22"]
[White "Lewandowska, Weronika"]
[Black "Szewczyk, Malwina"]
[Result "1-0"]
[WhiteTitle "I"]
[BlackTitle "II"]
[WhiteElo "1110"]
[BlackElo "1253"]

1. d4 Nf6 2. c4 g6 3. Nc3 d5 4. Bg5 Ne4 5. Nxe4 dxe4 6. e3 Bg7 7. c5 h5 8. h3 b6
9. b4 a5 10. a3 axb4 11. axb4 Rxa1 12. Qxa1 O-O 13. Bc4 Nc6 14. Qc3 Bb7 15. Ne2
Qa8 16. O-O bxc5 17. bxc5 Ba6 18. Ra1 Nb8 19. Bxa6 Nxa6 20. Qc4 Qb7 21. Qxa6 Qxa6
22. Rxa6 e5 23. Bf6 exd4 24. Bxg7 Kxg7 25. Nxd4 Rb8 26. Rc6 Rb7 27. Kh2 Rb2 28.
f3 exf3 29. Nxf3 Re2 30. Rxc7 Rxe3 31. Ng5 Kf6 32. Nxf7 Rc3 33. Nd6 Re3 34. Rf7+
Ke6 35. Rg7 Kf6 36. Rg8 Kg5 37. c6 Re6 38. c7 Rxd6 39. c8=Q Kh6 40. Qf8+ 1-0

[Event "OGOLNOPOLSKA OLIMPIADA MLODZIEZY<br/>MISTRZOSTWA POLSKI JUNIOROW 2016 - D12"]
[Site "Olecko"]
[Date "2016-05-07"]
[Round "5.1"]
[White "Marcinczyk, Monika"]
[Black "Hertlein, Irena"]
[Result "1/2-1/2"]
[WhiteTitle "I"]
[BlackTitle "I"]
[WhiteElo "1617"]
[BlackElo "1397"]

1. e4 d5 2. exd5 Qxd5 3. Nc3 Qd6 4. d4 Nf6 5. Bc4 c6 6. Nge2 Bf5 7. Bf4 Qd8 8.
O-O e6 9. Ng3 Bg6 10. Re1 Be7 11. Qd2 O-O 12. Rad1 Bd6 13. Be5 Bxe5 14. dxe5 Qxd2
15. Rxd2 Nd5 16. Nce4 Nd7 17. Nd6 Rab8 18. Bb3 b5 19. c4 bxc4 20. Nxc4 Rfd8 21.
Na5 Rb6 22. Ba4 Nc5 23. Bxc6 Nd3 24. Red1 Nxb2 25. Rf1 Nd3 26. Nb7 Rb8 27. Bxd5
exd5 28. Nd6 Nxe5 29. Rxd5 f6 30. h3 Ra6 31. Rd2 Rd8 32. Rfd1 Ra3 33. Ngf5 Bh5
34. Nb5 Rxd2 35. Rxd2 Ra5 36. Rd8+ Kf7 37. Nbd6+ Ke6 38. Nxg7+ Ke7 39. Ngf5+ Kxd8
40. Nb7+ Kc7 41. Nxa5 Bg6 42. Ne3 Bf7 1/2-1/2

[Event "OGOLNOPOLSKA OLIMPIADA MLODZIEZY<br/>MISTRZOSTWA POLSKI JUNIOROW 2016 - D12"]
[Site "Olecko"]
[Date "2016-05-07"]
[Round "5.2"]
[White "Wikar, Martyna"]
[Black "Slusarczyk, Milena"]
[Result "1/2-1/2"]
[WhiteTitle "I+"]
[BlackTitle "I"]
[WhiteElo "1726"]
[BlackElo "1372"]

1. e4 e5 2. Nf3 Nc6 3. Bc4 Nf6 4. d3 h6 5. Nc3 d6 6. Be3 g6 7. Qd2 Ng4 8. Nd5 Nxe3
9. fxe3 Bg7 10. O-O O-O 11. Qf2 Na5 12. Qg3 Nxc4 13. dxc4 c6 14. Nc3 Qb6 15. Nd1
Be6 16. b3 Kh7 17. Nh4 Qd8 18. Nb2 Bf6 19. Nf3 Bg7 20. Rad1 Qe7 21. Nd3 a5 22.
c5 dxc5 23. Nfxe5 a4 24. Rf2 Qc7 25. Nxg6 Rfc8 26. Ngf4 b6 27. Nxe6 Qxg3 28. hxg3
fxe6 29. Nf4 e5 30. Nh5 Rc7 31. Nxg7 Rxg7 32. Rf3 axb3 33. axb3 Ra2 34. Rd6 Rxc2
35. Rxc6 b5 36. Kh2 c4 37. bxc4 Rxc4 38. Rb6 b4 39. Rff6 Rxe4 40. Rxh6+ Kg8 41.
Rb8+ Kf7 42. Rb7+ Kg8 43. Rxg7+ Kxg7 44. Rb6 Kf7 45. Kg1 Rxe3 46. Rxb4 Rxg3 47.
Kf2 Rg5 48. Kf3 Ke6 49. g4 Kd6 50. Rb6+ Kd5 51. Rb5+ 1/2-1/2

[Event "OGOLNOPOLSKA OLIMPIADA MLODZIEZY<br/>MISTRZOSTWA POLSKI JUNIOROW 2016 - D12"]
[Site "Olecko"]
[Date "2016-05-07"]
[Round "5.3"]
[White "Nowak, Roksana"]
[Black "Dylag, Emilia"]
[Result "0-1"]
[WhiteTitle "II+"]
[BlackTitle "I"]
[WhiteElo "1290"]
[BlackElo "1768"]

1. Nf3 c5 2. e3 Nc6 3. b3 e6 4. Bb2 Nf6 5. Bb5 Be7 6. O-O O-O 7. Bxc6 bxc6 8. d3
Qc7 9. Ne5 d6 10. Nc4 Ba6 11. Nbd2 Nd7 12. f4 Bf6 13. Bxf6 Nxf6 14. g4 Bxc4 15.
Nxc4 Nd7 16. Qe2 d5 17. Nd2 f5 18. g5 Rae8 19. Qf2 e5 20. Rae1 Re7 21. h4 Qd6
22. h5 Nb6 23. Qg3 Rfe8 24. fxe5 Qxe5 25. Qxe5 Rxe5 26. Kf2 g6 27. h6 Kf7 28.
Nf3 R5e7 29. Nd2 Nd7 30. Nf3 Ne5 31. Nxe5+ Rxe5 32. a3 d4 33. exd4 Rxe1 34. Rxe1
Rxe1 35. Kxe1 cxd4 36. Kf2 Ke6 37. Kg3 c5 38. Kf4 Kd5 39. Kf3 Ke5 40. Kg3 f4+
41. Kg4 f3 42. Kxf3 Kf5 43. Kg3 Kxg5 44. Kg2 Kxh6 45. Kh3 Kg5 46. Kg3 h5 47. Kg2
Kf4 48. Kf2 h4 49. Kg2 g5 50. Kh2 Kf3 51. Kh3 g4+ 52. Kh2 h3 53. Kh1 g3 54. a4
g2+ 55. Kg1 Kg3 56. c3 h2# 0-1

[Event "OGOLNOPOLSKA OLIMPIADA MLODZIEZY<br/>MISTRZOSTWA POLSKI JUNIOROW 2016 - D12"]
[Site "Olecko"]
[Date "2016-05-07"]
[Round "5.4"]
[White "Bienko, Jagoda"]
[Black "Goraj, Barbara"]
[Result "1/2-1/2"]
[WhiteTitle "I"]
[BlackTitle "I"]
[WhiteElo "1354"]
[BlackElo "1605"]

1. d4 Nf6 2. c4 g6 3. Nc3 Bg7 4. e4 d6 5. Nf3 O-O 6. Be2 e5 7. O-O Nbd7 8. d5 Kh8
9. Ne1 Nc5 10. f3 Ng8 11. Be3 b6 12. b4 Nd7 13. Nd3 f5 14. c5 f4 15. Bf2 g5 16.
Rc1 Rf6 17. cxd6 cxd6 18. Nb5 Nf8 19. Ne1 Bd7 20. Nc7 Rc8 21. Nb5 Ra8 22. Nc7
Rb8 23. Bb5 Bxb5 24. Nxb5 Rb7 25. Qc2 Ne7 26. a4 Qe8 27. Qe2 h5 28. h3 Qd7 29.
Nc2 Ng8 30. Kh2 Nh6 31. Rg1 g4 32. Be1 Rg6 33. Qf1 Bf6 34. Nca3 a6 35. Nc3 a5
36. bxa5 bxa5 37. Ncb5 Bd8 38. Nc4 Rb8 39. Bxa5 Bh4 40. Bc7 Rxb5 41. axb5 Qxc7
42. Nxe5 Qe7 43. Nxg6+ Qd8 1/2-1/2